00295nam a2200109 a 4500008004100000050001500041100001900056245003800075246005400113260000900167350000900176120416s1955 xx |||||||||||||| || u aNA 200 All aAllsopp, Bruce12aA general history of architecture afrom the earliest civilization to the present day c1955 a0.00